000 00412 a2200145 4500
005 20250617054204.0
020 _a13:978-0-595-3831-6
082 _a510 TAN
100 _aTAN, S. T.
245 _aTAN Finite Mathematics for the Managerial, life and Social Science
250 _a9th Ed.
260 _aBrazil,
_bCengage,
_c2009.
300 _axi, 609p.; ill.; figure, table, picture
_bIndex.
_c27cm
942 _2ddc
_cBKS
999 _c4174
_d4174